00657nam a2200157Ia 4500082001200000100002100012245015300033260004000186300000800226504002200234650005700256650006700313650006500380650003800445710001600483 aTM.0472 aMathai, M.Valsa. 0aStudy of the educational problems of college going students: a comparative study of higher, backward and scheduled cast students of Aligarh District c2004bDr. B. R. Ambedkar University a461 aincludes appendix aCollege studentsvIndiavAligarh districtvAttitudes aCollege studentsvIndiavAligarh districtvEconomic conditions aCollege studentsvIndiavAligarh districtvSocial conditions aEducation, HighervIndiavAligarh aH. N. Singh